| 000 | 01043nam a22003377a 4500 | ||
|---|---|---|---|
| 001 | BR7909365 | ||
| 003 | BR-BrBNA | ||
| 005 | 20230928090503.0 | ||
| 007 | ta | ||
| 008 | 230509b bl.||||| |||| 00| 0 por d | ||
| 040 |
_aBR-BrBNA _bpor _cBiblioteca Nacional de Agricultura |
||
| 041 | _a(Por) | ||
| 072 |
_aF01; L01; E13 _b/G514 |
||
| 090 | _ F01 BR7909365 | ||
| 110 | 1 |
_aComissao Estadual de Planejamento Agricola, Rio Branco, AC (Brasil) _92059 |
|
| 245 | 1 | _aSugestoes do governo do Acre a equipe interministerial encarregada de propor medidas especiais de apoio a agropecuaria do norte e nordeste [Brasil] | |
| 260 | 3 |
_aRio Branco, AC (Brasil): _c1979. |
|
| 300 | _a56 p. | ||
| 650 | _aPRODUCAO VEGETAL | ||
| 650 | _aPRODUCAO ANIMAL | ||
| 650 | _aARMAZENAMENTO | ||
| 650 | _aCOMERCIALIZACAO | ||
| 650 | _aABASTECIMENTO | ||
| 650 | _aEXTENSAO RURAL | ||
| 650 | _aCOLONIZACAO | ||
| 650 | _aCREDITO RURAL | ||
| 650 | _aREGIAO NORTE | ||
| 650 | _aREGIAO NORDESTE | ||
| 909 |
_a202309 _bLucia _c55 _dLucia Elande |
||
| 942 | _cBK | ||
| 999 |
_c29038 _d29038 |
||